| 000 | 00584 a2200181 4500 | ||
|---|---|---|---|
| 999 |
_c4501 _d4501 |
||
| 010 | _aENG-86358 | ||
| 020 |
_a140392967X _c220.00 |
||
| 035 | _aEN-69891 | ||
| 037 | _bDBAD / PUB | ||
| 082 | 1 | 4 | _a332.632 |
| 100 | 1 | _aKhatri, Dhanesh Kumar | |
| 245 | 1 |
_aInvestment management and security analysis : _cby Dhanesh Kumar Khatri _btext and cases / |
|
| 260 |
_aNew Delhi _bMacmillan India _c2006 |
||
| 270 |
_a2/10, Ansari Road, Daryagnaj _bNew Delhi _e110 002 |
||
| 300 |
_ax, 265 p. _c24cm. (Pbk.) |
||
| 500 | _aIncludes index | ||
| 942 |
_adpl _cEN _2ddc _h332.632 _mKHA |
||